000 00313nam a2200121Ia 4500
005 20260328101450.0
008 260328s9999||||xx |||||||||||||| ||und||
100 _aSolares, Carmen Lucía
245 0 _aSeis Arquitectos /
_cCarmen Lucía Solares
260 _bVillegas Editores
650 _aARQUITECTOS
942 _cBK
999 _c8625
_d8625